000 00548cam a2200181 4500500
005 20260405002158.0
041 _afre
042 _adc
100 1 0 _aTodorov, Tzvetan
_eauthor
245 0 0 _aNelson Mandela. Le choix des armes
260 _c2016.
500 _a27
690 _aForce
690 _aNelson Mandela
690 _aTzvetan Todorov
786 0 _nPhilosophie magazine | 98 | 4 | 2016-04-01 | p. 29-29 | 1951-1787
856 4 1 _uhttps://shs.cairn.info/magazine-philosophie-magazine-2016-4-page-29?lang=fr&redirect-ssocas=7080
999 _c2055098
_d2055098